[Event "AUTO-INT-2843"]
[Site "http://www.queenalice.com/game.php?id=1275631"]
[Date "2014.4.24"]
[Round "1"]
[White "rafaelmatos20"]
[Black "jamba"]
[Result "1-0"]
[WhiteElo "1578"]
[BlackElo "1541"]

1. e4 c5 2. Bc4 d6 3. Nf3 Nf6 4. h3 Nxe4 5. O-O g6 6. d3 Bg7 7. dxe4 Nc6 8. Qd5
Be6 9. Qd3 Nb4 10. Qe2 Qb6 11. a4 O-O 12. c3 Bxc4 13. Qxc4 Nc2 14. a5 Qc6 15.
Ra4 b5 16. Qd5 Qc8 17. Ra2 b4 18. Bg5 b3 19. Qxb3 e5 20. Qxc2 Qa6 21. c4 Rab8
22. Qd3 h5 23. Nc3 f6 24. Be3 Rb5 25. Nxb5 Rd8 26. b3 g5 27. Bxc5 Qc6 28. Nxa7
Qxc5 29. Qd5+ Kh7 30. Qxc5 dxc5 31. Nc6 Rd6 32. Ne7 g4 33. Nf5 gxf3 34. Nxd6
fxg2 35. Kxg2 Bh6 36. a6 h4 37. a7 1-0

[Event "AUTO-OPEN-3238"]
[Site "http://www.queenalice.com/game.php?id=1275731"]
[Date "2014.4.24"]
[Round "1"]
[White "ACamargo"]
[Black "rafaelmatos20"]
[Result "0-1"]
[WhiteElo "1991"]
[BlackElo "1532"]

1. d4 d5 2. c4 dxc4 3. Nc3 Nf6 4. e3 b5 5. Nxb5 c6 6. Nc3 Ba6 7. Nf3 Nfd7 8. Qa4
Nb6 9. Qc2 e6 10. Ne4 Bb4+ 11. Bd2 Bxd2+ 12. Nfxd2 Qd5 13. Nc3 Qg5 14. Nde4 Qe7
15. Be2 f5 16. Nc5 O-O 17. O-O h6 18. f4 Rf6 19. Nxa6 Nxa6 20. Na4 Nb4 21. Qc1
Nxa4 22. Bxc4 Nb6 23. Bb3 Rc8 24. Qd2 a5 25. a3 N4d5 26. Rae1 a4 27. Ba2 Rg6 28.
Bxd5 cxd5 29. Qa5 Rb8 30. Rf2 Qc7 31. Qb4 Ra8 32. Qc5 Qd8 33. Rc1 Nc4 34. Re2
Kh7 35. Qb4 Qe8 36. Rc3 Rb8 37. Qc5 Nxb2 38. Rcc2 Nd3 39. Qc3 Rb3 40. Qa1 Qb8
41. Qf1 Rb1 0-1

[Event "AUTO-OPEN-3238"]
[Site "http://www.queenalice.com/game.php?id=1275732"]
[Date "2014.4.24"]
[Round "1"]
[White "rafaelmatos20"]
[Black "ACamargo"]
[Result "0-1"]
[WhiteElo "1593"]
[BlackElo "1963"]

1. e4 e5 2. Nf3 d6 3. Bc4 h6 4. Nc3 Nf6 5. h3 a6 6. b4 Be7 7. d3 O-O 8. Nd5 c6
9. Nxe7+ Qxe7 10. O-O b5 11. Bb3 Be6 12. Bd2 Nbd7 13. c3 c5 14. Bd5 Bxd5 15.
exd5 Nxd5 16. Re1 f5 17. bxc5 Nxc5 18. Qb1 Ne6 19. Qb3 Ndc7 20. a4 Kh8 21. axb5
axb5 22. Rxa8 Rxa8 23. h4 Nc5 24. Qb1 Qf6 25. d4 exd4 26. cxd4 N5e6 27. Bb4 d5
28. g3 Nxd4 29. Be7 Nxf3+ 30. Kf1 Nd2+ 31. Kg1 Nxb1 32. Bxf6 gxf6 33. Rxb1 Kg7
34. Kg2 Rb8 35. Rc1 Rb7 36. Kf3 Ne6 37. Rd1 d4 38. Re1 Rb6 39. h5 b4 40. Rb1 Kf7
41. g4 fxg4+ 42. Kxg4 d3 43. f4 b3 44. f5 Nc5 45. Re1 d2 46. Rd1 b2 47. Rxd2
b1=Q 48. Rd5 Qe4+ 49. Kg3 Rb3+ 50. Kf2 Qc2+ 51. Ke1 Rb1+ 52. Rd1 Rxd1# 0-1

[Event "AUTO-OPEN-3238"]
[Site "http://www.queenalice.com/game.php?id=1275755"]
[Date "2014.4.24"]
[Round "1"]
[White "rafaelmatos20"]
[Black "leduar"]
[Result "0-1"]
[WhiteElo "1517"]
[BlackElo "2047"]

1. e4 e5 2. Nf3 Nc6 3. Bb5 a6 4. Bxc6 dxc6 5. Nxe5 Qg5 6. d4 Qxg2 7. Qf3 Qxf3 8.
Nxf3 Be7 9. Bd2 Bh3 10. Rg1 Nf6 11. Ng5 Bd7 12. Nc3 h6 13. e5 hxg5 14. exf6 gxf6
15. Rh1 O-O-O 16. O-O-O Bg4 17. Rde1 Bb4 18. a3 Bd6 19. Rhg1 Bf5 20. Kb1 Bxh2
21. Rh1 Rxd4 22. Kc1 Rdh4 23. b4 Bf4 24. Rxh4 Bxd2+ 25. Kxd2 Rxh4 26. Re8+ Kd7
27. Rf8 Bg6 28. Ne2 f5 29. c3 Re4 30. Rb8 b6 31. Nd4 g4 32. f3 Re8 33. Rxe8 Kxe8
34. f4 Kd7 35. Ke3 c5 36. bxc5 bxc5 37. Nb3 Kc6 38. Na5+ Kb5 39. Nb3 Kc4 40.
Na5+ Kxc3 41. Nc6 Kb3 42. Nb8 a5 43. Na6 c4 44. Nxc7 c3 45. Nd5 c2 46. Kd2 Kb2
47. Nc3 c1=Q+ 48. Kd3 Qxc3+ 49. Ke2 Kc2 50. Kf2 Kd2 51. Kg2 Qf3+ 52. Kg1 g3 53.
a4 Qf2+ 54. Kh1 Qh2# 0-1

[Event "AUTO-OPEN-3238"]
[Site "http://www.queenalice.com/game.php?id=1275756"]
[Date "2014.4.24"]
[Round "1"]
[White "leduar"]
[Black "rafaelmatos20"]
[Result "1-0"]
[WhiteElo "2038"]
[BlackElo "1519"]

1. e4 e5 2. Nf3 Nc6 3. Bc4 Nd4 4. Nxd4 exd4 5. d3 h6 6. c3 a6 7. Qb3 Qf6 8. a4
d5 9. Bxd5 Be6 10. Qxb7 Qd8 11. Qxa8 Qxa8 12. Bxa8 dxc3 13. bxc3 Bd6 14. O-O Nf6
15. f4 O-O 16. Bc6 Bc5+ 17. d4 Bc4 18. dxc5 Bxf1 19. Kxf1 Rd8 20. Ke2 Ng4 21. h3
Nf6 22. e5 Nd5 23. Bxd5 Rxd5 24. Be3 c6 25. Nd2 f5 26. c4 Rd7 27. Rb1 a5 28. Rb6
Rc7 29. Nb3 g5 30. fxg5 h5 31. Nxa5 Re7 32. Nxc6 Re6 33. a5 Kg7 34. a6 Kg6 35.
a7 Re8 36. Rb8 Kf7 37. Rxe8 Kxe8 38. a8=Q+ Kf7 39. Nd4 f4 40. g6+ Kxg6 41. Bxf4
h4 42. Qg8+ Kh5 43. Qg5# 1-0

[Event "AUTO-OPEN-3238"]
[Site "http://www.queenalice.com/game.php?id=1275757"]
[Date "2014.4.24"]
[Round "1"]
[White "rafaelmatos20"]
[Black "jamba"]
[Result "0-1"]
[WhiteElo "1607"]
[BlackElo "1487"]

1. e4 c5 2. c4 d6 3. h3 Nf6 4. Nc3 g6 5. d3 Bg7 6. Qa4+ Bd7 7. Qd1 Nc6 8. Nf3
O-O 9. d4 cxd4 10. Nxd4 Rc8 11. Be2 Qb6 12. Ncb5 Nxe4 13. O-O Nxd4 14. Nxd4 Bxd4
15. Be3 Bxe3 16. fxe3 Qxe3+ 17. Kh2 Qg3+ 18. Kg1 Bxh3 19. Bf3 Bf5 20. Rc1 h5 21.
Rc2 Bh3 22. Bxe4 Qe3+ 23. Rcf2 Bg4 24. Bf3 Rxc4 25. Re1 Qg5 26. Bxg4 hxg4 27. b3
Rc5 28. Re4 g3 29. Rf3 Rc1 30. Rf1 Rxd1 31. Rxd1 Qf5 32. Rxe7 Qh5 33. Rxd6 Qh2+
34. Kf1 Qh1+ 35. Ke2 Qxg2+ 36. Kd3 Qf3+ 37. Re3 Qd1+ 38. Kc3 Qxd6 39. Rxg3 Qxg3+
40. Kb2 b5 41. Ka3 Qd6+ 42. b4 Qd3+ 43. Kb2 Qd2+ 44. Kb3 Rc8 45. a4 Qc2+ 46. Ka3
Rc3# 0-1

[Event "AUTO-OPEN-3238"]
[Site "http://www.queenalice.com/game.php?id=1275758"]
[Date "2014.4.24"]
[Round "1"]
[White "jamba"]
[Black "rafaelmatos20"]
[Result "0-1"]
[WhiteElo "1557"]
[BlackElo "1562"]

1. d4 d5 2. e3 c6 3. Bd3 e6 4. f4 Nf6 5. g4 h5 6. g5 Ne4 7. Nf3 Bd6 8. Nbd2 Na6
9. Nxe4 dxe4 10. Bxe4 f5 11. Bd3 b5 12. Ne5 Bxe5 13. dxe5 Nc5 14. Qf3 Nxd3+ 15.
Ke2 Nb4 16. Qxc6+ Nxc6 17. Rd1 Bd7 18. b3 Qb6 19. a4 b4 20. Bb2 O-O-O 21. a5
Qb5+ 22. c4 Qc5 23. Bd4 Nxd4+ 24. exd4 Qc7 25. c5 Bb5+ 26. Kf2 Rd5 27. h4 Rhd8
28. Ke3 g6 29. a6 Rxd4 30. Rxd4 Qxc5 31. Rd1 Qc3+ 32. R1d3 Bxd3 33. Rd6 Rxd6 0-1

[Event "OS INCLIVEIS"]
[Site "http://www.queenalice.com/game.php?id=1281624"]
[Date "2014.5.14"]
[Round "-"]
[White "adelio"]
[Black "rafaelmatos20"]
[Result "1-0"]
[WhiteElo "1750"]
[BlackElo "1586"]

1. d4 d5 2. e4 Nf6 3. e5 Ne4 4. f3 Nf2 5. Kxf2 e6 6. h4 a6 7. Nh3 h6 8. g3 c5 9.
Be3 c4 10. Be2 Be7 11. Nf4 Qb6 12. b3 cxb3 13. axb3 O-O 14. h5 g5 15. hxg6 fxg6
16. Nxg6 Rf7 17. Nxe7+ Rxe7 18. Rxh6 Rh7 19. Rxh7 Kxh7 20. Qh1+ Kg7 21. Qh6+ Kf7
22. Qf6+ Ke8 23. f4 Nd7 24. Bh5# 1-0

[Event "AUTO-INT-2934"]
[Site "http://www.queenalice.com/game.php?id=1328065"]
[Date "2014.12.14"]
[Round "1"]
[White "Spessatto"]
[Black "rafaelmatos20"]
[Result "1-0"]
[WhiteElo "1554"]
[BlackElo "1615"]

1. d4 d5 2. h3 Nc6 3. Bf4 e6 4. Nf3 h6 5. e3 g5 6. Bh2 a5 7. Ne5 Nxe5 8. Bxe5 f6
9. Qh5+ Ke7 10. Bh2 Qe8 11. Qd1 c6 12. Nc3 b5 13. b3 Kd8 14. Be2 h5 15. Qd2 Bb4
16. a3 Bxc3 17. Qxc3 h4 18. Bxb5 cxb5 19. Qc7# 1-0

[Event "AUTO-INT-2934"]
[Site "http://www.queenalice.com/game.php?id=1328066"]
[Date "2014.12.14"]
[Round "1"]
[White "rafaelmatos20"]
[Black "Spessatto"]
[Result "0-1"]
[WhiteElo "1597"]
[BlackElo "1572"]

1. e4 e5 2. Nf3 Nc6 3. Bb5 Nge7 4. d3 a6 5. Bc4 Ng6 6. Bg5 Be7 7. Be3 O-O 8. a3
d6 9. g3 Bg4 10. h3 Bxf3 11. Qxf3 Nd4 12. Bxd4 exd4 13. Nd2 Ne5 14. Qe2 Nxc4 15.
dxc4 c5 16. h4 f5 17. O-O-O Bf6 18. Rhe1 Qb6 19. b3 Qa5 20. Nb1 Rfe8 21. Qf3 Re5
22. exf5 Rxe1 23. Qd5+ Kh8 24. Qxd6 Rxd1+ 25. Kxd1 Re8 26. Kc1 d3 27. Qxd3 Re1+
28. Qd1 Bb2+ 29. Kxb2 Rxd1 30. h5 Qe1 31. Nc3 Qe5 32. g4 Rf1 33. a4 Rxf2 34. Ka3
Qxc3 35. f6 Qa1# 0-1

[Event "AUTO-INT-2934"]
[Site "http://www.queenalice.com/game.php?id=1328077"]
[Date "2014.12.14"]
[Round "1"]
[White "fracasso"]
[Black "rafaelmatos20"]
[Result "0-1"]
[WhiteElo "1634"]
[BlackElo "1648"]

1. e4 e5 2. Nf3 Nc6 3. d4 d5 4. Nc3 Bg4 5. Nxd5 exd4 6. h3 Be6 7. Bd3 Nce7 8. c4
c6 9. Nxe7 Nxe7 10. O-O h6 11. g4 Ng6 12. e5 Ne7 13. Qb3 b6 14. Qb4 a5 15. Qa4
Ra7 16. b4 Bd7 17. Nxd4 c5 18. Qb3 cxd4 19. Bb2 Nc6 20. c5 Be6 21. Qa4 Bd7 22.
b5 Nxe5 23. Be4 Bxc5 24. Bf5 O-O 25. Rae1 Nf3+ 26. Kg2 Nxe1+ 27. Rxe1 Qa8+ 28.
f3 Bxf5 29. gxf5 Rd7 30. Qc2 Bb4 31. Re4 d3 32. Qc4 d2 33. Rd4 Rc8 34. Qd3 Rdd8
35. Bc3 Bxc3 36. f6 Rxd4 0-1

[Event "AUTO-INT-2934"]
[Site "http://www.queenalice.com/game.php?id=1328078"]
[Date "2014.12.14"]
[Round "1"]
[White "rafaelmatos20"]
[Black "fracasso"]
[Result "1-0"]
[WhiteElo "1580"]
[BlackElo "1649"]

1. e4 e5 2. Nf3 Nc6 3. d4 d6 4. d5 Nce7 5. Ng5 Nf6 6. Bb5+ Bd7 7. Bc4 c6 8. dxc6
Bxc6 9. Nxf7 Qa5+ 10. Nc3 Rg8 11. Nxd6+ Kd8 12. Nxb7+ Kc7 13. Nxa5 Bd7 14. Bxg8
Nfxg8 15. O-O Ng6 16. Qd5 Rd8 17. Qxg8 Bb4 18. Qc4+ Kd6 19. Qxb4+ Kc7 20. Rd1
Nf8 21. Qb7# 1-0

[Event "BSB-JUNDIAÍ"]
[Site "http://www.queenalice.com/game.php?id=1328593"]
[Date "2014.12.16"]
[Round "-"]
[White "antonio_mz"]
[Black "rafaelmatos20"]
[Result "1-0"]
[WhiteElo "1464"]
[BlackElo "1580"]

1. d4 d5 2. Nf3 e6 3. a3 c6 4. Bf4 Bd6 5. Ne5 Qe7 6. Nc3 Qf6 7. e3 g5 8. Bg3 Nd7
9. Nxd7 Bxd7 10. Bxd6 Nh6 11. Be5 Qg6 12. Bxh8 f6 13. g3 Ke7 14. Bxf6+ Qxf6 15.
Bg2 Rf8 16. O-O g4 17. e4 e5 18. exd5 Kd8 19. dxc6 bxc6 20. dxe5 Qe6 21. Qd4 Nf7
22. Qxa7 Nxe5 23. Rfd1 Rf7 24. Rd2 Nf3+ 25. Bxf3 gxf3 26. Rad1 Qh3 27. Qb8+ Ke7
28. Re1+ Kf6 29. Qe5+ Kg6 30. Rd6+ Be6 31. Rxe6+ Rf6 32. Qxf6+ Kh5 33. R1e5+ Kg4
34. Qg5# 1-0

[Event "Challenge"]
[Site "http://www.queenalice.com/game.php?id=1329142"]
[Date "2014.12.19"]
[Round "-"]
[White "rafaelmatos20"]
[Black "antonio_mz"]
[Result "1-0"]
[WhiteElo "1599"]
[BlackElo "1553"]

1. e4 c5 2. c4 Nc6 3. Nf3 Nf6 4. Nc3 b6 5. a3 Bb7 6. h3 Nd4 7. Nxd4 cxd4 8. e5
Ne4 9. Qf3 a6 10. Nxe4 Rb8 11. Qd3 f5 12. Ng3 g6 13. Qxd4 Bg7 14. d3 Qc7 15. Bf4
e6 16. Rc1 g5 17. Nh5 Bh6 18. Nf6+ Ke7 19. Bh2 g4 20. f4 gxh3 21. Bg3 Bg7 22.
Rxh3 Bxf6 23. Bh4 Bxh4+ 24. Rxh4 Rhg8 25. Rxh7+ Kd8 26. b4 b5 27. c5 a5 28. Kf2
axb4 29. Qxb4 Qc6 30. Qd4 Ra8 31. Rc3 Ra4 32. Qd6 b4 33. Qxc6 Bxc6 34. axb4 Rxb4
35. g3 Rb2+ 36. Be2 Kc7 37. d4 Ra8 38. Ke3 Raa2 39. Bc4 Rc2 40. Rxc2 Rxc2 41.
Bxe6 Rc3+ 42. Kd2 Rxg3 43. d5 Bb5 44. d6+ Kb7 45. Bxd7 Rd3+ 46. Kc2 Rd4 47.
Bxb5+ Kc8 48. Kc3 Rxf4 49. d7+ Kd8 50. Rh8+ Ke7 51. d8=Q+ Ke6 52. Qd6+ Kf7 53.
Qf6# 1-0

[Event "Challenge"]
[Site "http://www.queenalice.com/game.php?id=1338103"]
[Date "2015.1.30"]
[Round "-"]
[White "tucuman"]
[Black "rafaelmatos20"]
[Result "0-1"]
[WhiteElo "1628"]
[BlackElo "1632"]

1. e4 e5 2. Nf3 Nc6 3. Bc4 h6 4. h3 a6 5. d3 Bc5 6. a3 Nf6 7. O-O O-O 8. Qe2 d5
9. exd5 Nxd5 10. Bxd5 Qxd5 11. Be3 Bxe3 12. Qxe3 Qe6 13. Nc3 f5 14. Nh2 f4 15.
Qf3 Nd4 16. Qd1 b5 17. Nf3 Nf5 18. Re1 Bb7 19. b4 Qb6 20. Nxe5 Rad8 21. Nf3 Qg6
22. a4 c6 23. axb5 cxb5 24. Ne4 Bc8 25. Qd2 Nd4 26. Nh4 Nf3+ 27. Nxf3 Bxh3 28.
Kf1 Bxg2+ 29. Ke2 Rde8 30. Kd1 Bxf3+ 31. Kc1 Re6 32. Kb2 Bxe4 33. Rg1 Bg2 34.
Rae1 Rxe1 35. Qxe1 f3 36. Qe4 Qf6+ 37. Kb1 Qc3 38. Qd5+ Kh8 39. Qe4 Qd2 40. Re1
Qxf2 41. Rc1 Rc8 42. Qf5 Re8 43. Qd7 Re1 44. Qd8+ Kh7 45. Rxe1 Qxe1+ 46. Kb2 f2
0-1

[Event "Challenge"]
[Site "http://www.queenalice.com/game.php?id=1338104"]
[Date "2015.1.30"]
[Round "-"]
[White "tucuman"]
[Black "rafaelmatos20"]
[Result "0-1"]
[WhiteElo "1694"]
[BlackElo "1613"]

1. e4 e5 2. Nf3 Nc6 3. Bc4 h6 4. d3 a6 5. Bd2 Nf6 6. h3 Bc5 7. b4 b5 8. bxc5
bxc4 9. dxc4 Nxe4 10. O-O Nxc5 11. Bc3 d6 12. Re1 O-O 13. a3 e4 14. Nh2 Na5 15.
Bxa5 Be6 16. Bb4 Na4 17. Rxe4 a5 18. Bd2 f5 19. Rf4 Qf6 20. Qe1 Qxa1 21. Qxe6+
Kh8 22. Rxf5 Rxf5 23. Qxf5 Qxb1+ 24. Nf1 c5 25. Qd5 Ra6 26. Qb7 Qxb7 0-1

[Event "Challenge"]
[Site "http://www.queenalice.com/game.php?id=1339147"]
[Date "2015.2.4"]
[Round "-"]
[White "tucuman"]
[Black "rafaelmatos20"]
[Result "1-0"]
[WhiteElo "1600"]
[BlackElo "1663"]

1. e4 e5 2. Nf3 Nc6 3. Bc4 Nf6 4. d3 Bc5 5. Ng5 Qe7 6. Bxf7+ Kf8 7. Bc4 Ng4 8.
Qxg4 h5 9. Qf3+ Qf6 10. Qxf6+ gxf6 11. Nf3 a6 12. h3 b5 13. Bd5 Rb8 14. Bxc6
dxc6 15. O-O b4 16. Nbd2 Be7 17. Nh4 Kf7 18. Nf5 Bf8 19. b3 h4 20. Bb2 c5 21. a3
Bxf5 22. exf5 Bh6 23. Ne4 Bf8 24. axb4 Rxb4 25. Rxa6 Rb6 26. Rxb6 cxb6 27. c4
Rh5 28. f4 Rxf5 29. fxe5 Rxf1+ 30. Kxf1 f5 31. Ng5+ Kg6 32. Nf3 Be7 33. d4 f4
34. d5 Kf5 35. d6 Bd8 36. Ke2 Ke4 37. e6 Kf5 38. e7 Bxe7 39. dxe7 b5 40. cxb5 c4
41. bxc4 Ke4 42. e8=Q+ Kf5 43. Nxh4+ Kg5 44. Qe7+ Kh5 45. Bf6 f3+ 46. gxf3 Kh6
47. Qg7+ Kh5 48. Qg5# 1-0

[Event "Challenge"]
[Site "http://www.queenalice.com/game.php?id=1339148"]
[Date "2015.2.4"]
[Round "-"]
[White "rafaelmatos20"]
[Black "tucuman"]
[Result "1-0"]
[WhiteElo "1644"]
[BlackElo "1619"]

1. e4 e5 2. Nf3 d6 3. d4 exd4 4. Nxd4 h6 5. Bc4 Qe7 6. Qf3 Nf6 7. Nc3 Nc6 8.
Nxc6 bxc6 9. Bd3 g6 10. h3 Bd7 11. O-O g5 12. Bc4 Be6 13. Be2 Bg7 14. e5 Nd5 15.
exd6 cxd6 16. Nb5 cxb5 17. Bxb5+ Bd7 18. Bxd7+ Qxd7 19. Qxd5 O-O 20. Re1 Rab8
21. c3 Rbe8 22. Bd2 Rxe1+ 23. Rxe1 Be5 24. g4 Bg7 25. f4 Re8 26. Rxe8+ Qxe8 27.
Qxd6 gxf4 28. Qxf4 Qb5 29. b4 Qb6+ 30. Be3 Qb7 31. Bd4 Bxd4+ 32. Qxd4 Qf3 33.
Kh2 a6 34. a4 Qe2+ 35. Kg3 Qe1+ 36. Kg2 Qe2+ 37. Qf2 Qd3 38. Qd4 Qc2+ 39. Kg3
Qxa4 40. Kh4 Qb5 41. Qd8+ Kg7 42. g5 Qc4+ 43. Qd4+ Qxd4+ 44. cxd4 hxg5+ 45. Kxg5
f6+ 46. Kf5 Kf7 47. h4 Ke7 48. h5 Kf7 49. d5 1-0

[Event "Challenge"]
[Site "http://www.queenalice.com/game.php?id=1339306"]
[Date "2015.2.4"]
[Round "-"]
[White "rafaelmatos20"]
[Black "jeffcom2f"]
[Result "1-0"]
[WhiteElo "1659"]
[BlackElo "1556"]

1. e4 e5 2. Nf3 Nf6 3. Nc3 d6 4. d4 Bg4 5. d5 Bxf3 6. Qxf3 Be7 7. Bb5+ c6 8. Ba4
b5 9. Nxb5 cxb5 10. Bxb5+ Nbd7 11. Bc6 Rb8 12. O-O O-O 13. b3 Nc5 14. Be3 Ncxe4
15. a4 Nc3 16. Bxa7 Rc8 17. Qxc3 Nxd5 18. Qc4 Rc7 19. Qxd5 Rxa7 20. Bb7 Qc7 21.
Bc6 Ra6 22. Bb5 Rb6 23. a5 Rbb8 24. c4 Qc5 25. Qxc5 dxc5 26. Rfe1 f6 27. a6 Rbd8
28. a7 g6 29. Bc6 Rc8 30. Bd5+ Kg7 31. a8=Q Rxa8 32. Bxa8 Rxa8 33. Rxa8 1-0